[Event "World Team-ch Women 2019"]
[Site "Astana"]
[Date "2019.03.13"]
[Round "8.11"]
[White "Sargsyan, Anna M."]
[Black "Batsiashvili, Nino"]
[Result "1/2-1/2"]
[WhiteElo "2340"]
[BlackElo "2454"]
[Annotator "TA"]
[PlyCount "87"]
[EventDate "2019.02.05"]
[EventType "team-tourn"]
[EventCountry "KAZ"]
[SourceTitle "playchess.com"]
[Source "ChessBase"]
[SourceQuality "1"]
[WhiteTeam "Armenia"]
[BlackTeam "Georgia"]
[WhiteTeamCountry "ARM"]
[BlackTeamCountry "GEO"]

{[%evp 9,87,23,22,29,36,29,30,24,38,33,29,0,0,1,6,-8,0,-13,-3,-13,-13,-20,-14,-22,-14,-25,-25,-31,-25,-36,-14,-14,-10,-23,-15,-76,-78,-81,0,0,0,-69,-28,-22,-28,-32,-26,-41,0,0,0,0,0,0,0,0,50,17,15,0,0,0,22,15,18,0,0,0,0,0,0,0,0,0,0,0,0,0,0,0]} 1. d4 d5 2. c4 e6 3. Nc3 a6 4. cxd5 exd5 5. Nf3 Nf6 6. Bg5 {D37: Queen's Gambit Declined: 5 Bf4} Be6 7. e3 Nbd7 8. Bd3 {White has an edge.} Bd6 9. O-O O-O (9... c6 10. Qc2 Qc7 11. Rfe1 O-O 12. a3 Bg4 13. Bh4 Bh5 {0-1 (35) Mamedyarov,S (2817)-Maghsoodloo,P (2688) St Petersburg 2018}) 10. Rc1 h6 11. Bh4 c6 12. Bb1 Qb8 $146 ({Predecessor:} 12... Re8 13. Qd3 Bg4 {½-½ (70) Galliamova,A (2424)-Gunina,V (2528) Satka 2018}) 13. Qd3 g6 14. Bxf6 Nxf6 15. Nh4 Qe8 16. f4 Bd7 $36 {[%mdl 2048] Black is more active.} 17. Nf3 Bf5 18. Qd2 Bxb1 19. Rxb1 Bb4 20. Qd3 Ne4 21. f5 g5 22. f6 {[#]} (22. h4 $11) 22... Qe6 $1 $17 23. h4 Bxc3 (23... Nxf6 $17 24. hxg5 Ng4) 24. bxc3 $11 b5 25. Rbc1 ({Better is} 25. hxg5 $11 hxg5 26. Nd2) 25... Nxf6 {aiming for ...Ne4.} 26. hxg5 Ne4 27. gxh6 $1 Qxh6 28. Nd2 $1 Rfe8 ({Of course not} 28... Ng3 $6 29. Rf3 $14) 29. Rf4 Nxd2 30. Qxd2 Re6 31. Rcf1 Rae8 32. R1f3 Re4 33. Rf6 Qg5 $1 {The position is equal.} 34. R6f5 Qg6 35. Rf6 Qg5 $1 {[%cal Re4e3]} 36. Rxf7 {[#] Hoping for Qf2.} Rxe3 37. Rf1 {Black should prevent Qf2.} Rg3 38. Qc2 {[%csl Gf7][%cal Rc2h7]} Qe3+ 39. Kh2 {[%csl Gf7][%cal Rc2h7]} Re4 {[%cal Re4h4]} 40. Rf8+ Kg7 {[%cal Re4h4]} 41. R1f7+ Kg6 $1 42. Rf6+ Kg7 {[%cal Re4h4]} 43. R6f7+ Kg6 $1 44. Rf6+ {Accuracy: White = 49%, Black = 77%.} 1/2-1/2

[Event "World Team-ch Women 2019"]
[Site "Astana"]
[Date "2019.03.13"]
[Round "8.12"]
[White "Melia, Salome"]
[Black "Ghukasyan, Siranush"]
[Result "1-0"]
[WhiteElo "2385"]
[BlackElo "2221"]
[Annotator "TA"]
[PlyCount "113"]
[EventDate "2019.02.05"]
[EventType "team-tourn"]
[EventCountry "KAZ"]
[SourceTitle "playchess.com"]
[Source "ChessBase"]
[SourceQuality "1"]
[WhiteTeam "Georgia"]
[BlackTeam "Armenia"]
[WhiteTeamCountry "GEO"]
[BlackTeamCountry "ARM"]

{[%evp 27,113,49,44,53,104,79,98,78,114,113,139,88,170,75,209,135,255,215,292,286,288,280,287,272,270,237,247,237,343,329,380,374,534,520,500,470,777,637,641,619,587,600,843,433,445,443,401,413,427,364,371,326,247,0,363,263,247,229,489,483,473,491,600,555,562,555,500,490,539,437,598,583,929,922,889,893,845,881,847,842,5129,5122,5114,5018,29987,29988,29989,29990]} 1. e4 e5 2. Nf3 Nc6 3. Bc4 Bc5 4. c3 Nf6 5. d4 exd4 6. e5 d5 7. Bb5 Ne4 8. cxd4 Bb6 9. Nc3 O-O 10. Be3 {C54: Giuoco Piano: 4 c3 Nf6, main lines with 5 d4 and 5 d3} Bg4 11. h3 Bh5 12. Qc2 Bg6 13. Qb3 Nxc3 (13... Ne7 14. O-O c6 15. Bd3 Nd2 16. Nxd2 Bxd3 17. Rfd1 Bg6 {0-1 (58) Aronian,L (2767)-Nakamura,H (2777) chess.com INT 2018}) 14. Bxc6 bxc6 {LiveBook: 4 Games} 15. Qxc3 f5 (15... Bh5 $14) 16. exf6 {[#]} Qxf6 $146 ({Predecessor:} 16... Rxf6 17. Ne5 Qd6 {1-0 (64) Amonatov,F (2624)-Batchuluun,T (2544) Astana 2017}) 17. Ne5 Be8 18. O-O Rd8 19. b4 (19. f4 $142) 19... Qd6 {[#]} (19... Ra8 $16) 20. Rfc1 (20. a4 $1 $18 {[%cal Ra4a5] Threatens to win with a5.} a6 21. Rfc1) 20... h6 (20... Ra8 $16) 21. Rab1 ({Inferior is} 21. Nxc6 Bxc6 22. Qxc6 Qxb4 $11) 21... Rf6 (21... Ra8 $16 22. Nxc6 Rf6) 22. a4 $18 {aiming for a5.} a5 23. bxa5 Ba7 24. Rb7 Ra8 25. Qb2 {And now Rxa7! would win.} Qd8 26. Qd2 Qc8 27. Rb3 Qd8 (27... Rb8 $142) 28. Bf4 c5 29. dxc5 c6 (29... d4 {is a better defense.} 30. Rb4 Re6 31. Rxd4 Qe7) 30. Ng4 Re6 31. Rb7 Bh5 (31... Re7 $142) 32. Qd4 {[%csl Gb7][%cal Rd4g7]} Qf8 33. Be5 Bf7 34. f4 h5 35. Nh2 Bb8 36. Nf3 Bxe5 37. Nxe5 ({Less strong is} 37. fxe5 Re7 $18) 37... Be8 38. Qd2 Rf6 39. Nd3 Bg6 {[#]} 40. Ne5 (40. a6 $142 $1) 40... Be8 $1 41. Rb4 Rxa5 42. Rb8 Ra7 $2 (42... Rxa4 43. f5 Kh7) 43. a5 Re6 44. Nf3 Re4 45. Ng5 Ree7 46. Qd3 {[%csl Gg5][%cal Rd3h7]} g6 47. Qd2 Qf5 48. Nf3 Kg7 49. Re1 Bf7 50. Rxe7 Rxe7 51. Qd4+ Qf6 52. Qxf6+ Kxf6 53. Ne5 Ke6 54. Nxc6 Rc7 55. a6 {[%cal Ba5a6,Ba6a7][%mdl 32]} Rxc6 56. a7 Ra6 57. Rb6+ {Precision: White = 72%, Black = 25%.} 1-0

[Event "World Team-ch Women 2019"]
[Site "Astana"]
[Date "2019.03.13"]
[Round "8.13"]
[White "Karavade, Eesha"]
[Black "Muzychuk, Mariya"]
[Result "1/2-1/2"]
[WhiteElo "2357"]
[BlackElo "2560"]
[Annotator "TA"]
[PlyCount "61"]
[EventDate "2019.02.05"]
[EventType "team-tourn"]
[EventCountry "KAZ"]
[SourceTitle "playchess.com"]
[Source "ChessBase"]
[SourceQuality "1"]
[WhiteTeam "India"]
[BlackTeam "Ukraine"]
[WhiteTeamCountry "IND"]
[BlackTeamCountry "UKR"]

{[%evp 11,61,26,25,27,42,42,48,43,39,27,46,30,46,37,38,45,45,47,40,42,41,39,33,27,35,12,15,11,8,4,7,0,22,32,25,32,32,33,33,33,41,20,29,13,16,9,0,0,22,0,0,0]} 1. d4 Nf6 2. c4 d6 3. Nf3 g6 4. Nc3 Bf5 5. Nh4 Bd7 6. e4 e5 7. Nf3 {E61: King's Indian: Early deviations for White, including Smyslov System} (7. dxe5 dxe5 8. Nf3 Nc6 9. Be2 Bg7 10. O-O O-O 11. h3 Be6 12. Be3 Qxd1 13. Rfxd1 Rfd8 14. Nd5 Nxe4 15. Nxc7 Rac8 16. Nxe6 fxe6 17. Bd3 Nf6 18. Ng5 Nb4 19. Bf1 Nc2 20. Nxe6 Rxd1 21. Rxd1 Nxe3 22. fxe3 {½-½ (97) Li,C (2751)-Mamedov,R (2650) Huaian 2016}) 7... exd4 8. Nxd4 Bg7 9. Be2 {White is slightly better.} O-O 10. O-O Nc6 11. Be3 Nxd4 12. Bxd4 Bc6 13. Re1 $146 ({Predecessor:} 13. b4 b6 14. Re1 Re8 {½-½ (49) Kouatly,B (2440)-Van der Wiel,J (2590) Budel 1987}) 13... a5 ({Not} 13... Nxe4 $2 14. Nxe4 Bxe4 15. Bxg7 $18) 14. Bf1 Re8 15. f3 Nd7 16. Bxg7 Kxg7 17. Qd4+ Qf6 18. Qxf6+ (18. Qd2 {looks sharper.} Nc5 19. Nd5 Bxd5 20. cxd5 h5 21. Bb5) 18... Nxf6 19. Rac1 Nd7 20. b3 Nc5 21. Red1 f5 22. exf5 gxf5 23. Ne2 Re5 24. Nf4 Rae8 25. Kf2 Kf6 26. Rc2 Re3 27. Rcd2 Kg5 {The position is equal.} 28. Nh3+ Kf6 29. Nf4 Kg5 30. Nh3+ Kf6 31. Nf4 {Accuracy: White = 71%, Black = 62%.} 1/2-1/2

[Event "World Team-ch Women 2019"]
[Site "Astana"]
[Date "2019.03.13"]
[Round "8.14"]
[White "Muzychuk, Anna"]
[Black "Soumya, Swaminathan"]
[Result "1-0"]
[WhiteElo "2555"]
[BlackElo "2401"]
[Annotator "TA"]
[PlyCount "81"]
[EventDate "2019.02.05"]
[EventType "team-tourn"]
[EventCountry "KAZ"]
[SourceTitle "playchess.com"]
[Source "ChessBase"]
[SourceQuality "1"]
[WhiteTeam "Ukraine"]
[BlackTeam "India"]
[WhiteTeamCountry "UKR"]
[BlackTeamCountry "IND"]

{[%evp 12,81,19,27,17,18,18,25,15,0,5,8,16,20,3,14,26,29,41,54,68,56,41,54,70,62,59,60,62,59,54,64,62,45,77,58,114,90,126,125,117,112,216,181,189,165,201,192,379,389,502,502,554,485,487,487,491,477,646,646,646,645,637,625,589,618,610,600,683,667,5397,5395]} 1. e4 c5 2. Nf3 Nc6 3. Bb5 g6 4. O-O Bg7 5. Re1 e5 6. b4 cxb4 7. a3 b3 {B31: Sicilian: 2...Nc6 3 Bb5 g6} 8. cxb3 Nge7 9. Bb2 O-O {White has an edge.} 10. d4 (10. b4 a6 11. Ba4 d5 12. exd5 Qxd5 13. Nc3 Qd3 14. Ne4 b6 15. Rc1 {0-1 (48) Bacrot,E (2708)-Grischuk,A (2761) Paris 2017}) 10... exd4 11. Nxd4 Qb6 {[%cal Rc6d4]} 12. Nxc6 $1 dxc6 13. Bxg7 Kxg7 14. Bc4 Qc5 $146 ({Predecessor:} 14... Rd8 15. Qc1 {0-1 (37) Werner,D (2380)-Ree,H (2475) Ostend 1987}) 15. Ra2 {[%cal Ba1a2,Ba2c2,Bc2c3,Bc3e3,Be3f3][%mdl 32]} b5 16. Bf1 Be6 17. Rc2 Qe5 18. Nd2 Rfd8 19. Qc1 a5 20. Nf3 Qf6 21. Rc3 h6 22. h3 {[#] Black must now prevent e5.} Kh7 23. Rce3 Bc8 (23... a4 $14) 24. Qc2 Ra7 25. Qc5 $36 {[%mdl 2048] White is in control.} Rb7 26. Ne5 Qe6 ({Wrong is} 26... Rd2 $2 27. Rf3 $18) (26... Be6 $16) 27. Rf3 f6 28. Nd3 Ng8 29. e5 {Threatens to win with exf6.} fxe5 $2 (29... f5 30. Nf4 Qe8) 30. Nxe5 $18 Rd5 31. Qc3 {White is clearly winning.} Rg7 32. Bd3 b4 33. axb4 axb4 34. Qa1 {And now Nxg6 would win.} Qd6 35. Bxg6+ {[%mdl 64] [#] Deflection} Rxg6 36. Nf7 {[%csl Gf7][%cal Ra1h8]} Qf6 37. Rxf6 Rxf6 38. Re8 Rxf7 39. Rxc8 Rd2 40. Qe1 {Qe4+ is the strong threat.} Rfd7 {Hoping for ...Rd1.} 41. Qe4+ {[%mdl 64] Double Attack. Accuracy: White = 84%, Black = 38%.} 1-0

[Event "World Team-ch Women 2019"]
[Site "Astana"]
[Date "2019.03.13"]
[Round "8.15"]
[White "Padmini, Rout"]
[Black "Ushenina, Anna"]
[Result "1/2-1/2"]
[WhiteElo "2332"]
[BlackElo "2443"]
[Annotator "TA"]
[PlyCount "112"]
[EventDate "2019.02.05"]
[EventType "team-tourn"]
[EventCountry "KAZ"]
[SourceTitle "playchess.com"]
[Source "ChessBase"]
[SourceQuality "1"]
[WhiteTeam "India"]
[BlackTeam "Ukraine"]
[WhiteTeamCountry "IND"]
[BlackTeamCountry "UKR"]

{[%evp 14,112,8,14,2,2,27,18,29,32,35,35,25,23,41,28,56,15,67,60,79,54,72,16,23,27,82,84,77,81,81,53,52,24,83,81,111,101,111,109,110,114,110,93,104,111,126,20,21,7,10,0,0,0,0,0,0,-39,-39,-70,-25,-24,-23,-39,-39,-43,-39,-39,-40,-63,-60,-43,-38,-43,-18,-27,-40,-60,-60,-60,-59,-80,-61,-69,-70,-81,-16,-16,-16,-16,0,0,0,0,0,0,0,0,0,0,0]} 1. Nf3 d5 2. g3 g6 3. Bg2 Bg7 4. d4 c6 5. O-O Nf6 6. c3 O-O 7. Nbd2 Nbd7 8. Re1 c5 {D02: 1 d4 d5 2 Nf3 sidelines, including 2...Nf6 3 g3 and 2...Nf6 3 Bf4} 9. a4 cxd4 10. cxd4 a5 11. Nb1 Ne4 $146 ({Predecessor:} 11... Nb8 12. Nc3 Nc6 13. Ne5 Bf5 14. Bg5 Nb4 15. Rc1 Ne4 16. Be3 Nxc3 17. bxc3 {1-0 (28) Kramnik,V (2800)-Dubov,D (2701) Moscow 2018}) 12. Nc3 Ndf6 13. Ne5 Be6 14. Qb3 Nd6 15. Nd3 (15. Nxd5 Kh8 $15) 15... Nfe4 (15... Bf5 $11) 16. e3 $14 Nxc3 17. bxc3 Bf5 {[#]} 18. Nb2 ({Better is} 18. Nf4 $1 $16) 18... e6 19. c4 Nxc4 (19... Rb8 $11) 20. Nxc4 $16 dxc4 21. Qxc4 e5 {[%cal Re5d4]} 22. Ba3 ({Don't play} 22. Bxb7 $6 Rb8 $11) 22... Rc8 23. Qb3 Re8 (23... exd4 $11 24. Bxf8 (24. Bxb7 $2 Rc3 $17) 24... Qxf8) 24. e4 ({Much weaker is} 24. Bxb7 $6 Rb8 $11) 24... Bd7 25. d5 Bf8 26. Bxf8 Rxf8 27. Qxb7 Rc4 28. Qa6 Qc7 {[#]} 29. Bf1 $1 {[%cal Rf1c4]} Rc2 30. Qd3 (30. Bd3 $16 Rc3 31. Bb5) 30... Rb8 $11 31. Re2 Rc3 32. Qd2 Rb4 33. Ree1 Rd4 34. Qg5 Bxa4 35. h4 Kg7 36. Rac1 {Strongly threatening Rxc3.} f6 37. Rxc3 $1 Qxc3 (37... fxg5 $2 {too greedy.} 38. Rxc7+ Kh6 39. hxg5+ Kxg5 40. Rxh7 $18) 38. Qc1 Qxc1 39. Rxc1 Rxe4 $15 {[%mdl 4096] Endgame KRB-KRB} 40. Bg2 Rd4 41. Rc7+ Kf8 42. Ra7 $1 h5 43. Rxa5 Ke7 44. Bh3 f5 45. Ra6 Kf7 $1 46. Ra7+ Kf8 47. Ra6 Be8 48. Bg2 Rd1+ 49. Kh2 e4 ({Black should try} 49... Rd2 $17 50. Kg1 e4) 50. f3 $1 $11 {The position is equal.} e3 51. Re6 Re1 52. f4 $1 e2 {Threatens to win with ...Bd7.} (52... Bd7 $5 53. Re5 $8 Re2 $11) 53. Bf3 Bb5 {And now ...Rd1 would win.} 54. Kg2 Rd1 55. Bxe2 Bxe2 56. Rxe2 Rxd5 {Accuracy: White = 48%, Black = 47%.} 1/2-1/2

[Event "World Team-ch Women 2019"]
[Site "Astana"]
[Date "2019.03.13"]
[Round "8.16"]
[White "Gaponenko, Inna"]
[Black "Kulkarni Bhakti"]
[Result "1/2-1/2"]
[WhiteElo "2427"]
[BlackElo "2322"]
[Annotator "TA"]
[PlyCount "108"]
[EventDate "2019.02.05"]
[EventType "team-tourn"]
[EventCountry "KAZ"]
[SourceTitle "playchess.com"]
[Source "ChessBase"]
[SourceQuality "1"]
[WhiteTeam "Ukraine"]
[BlackTeam "India"]
[WhiteTeamCountry "UKR"]
[BlackTeamCountry "IND"]

{[%evp 9,108,19,33,35,18,18,19,22,27,36,31,19,25,27,20,20,33,22,30,27,45,45,45,39,43,37,35,41,47,48,33,37,55,41,37,37,29,33,84,57,60,45,48,48,48,53,53,53,55,76,86,84,77,41,111,96,92,35,58,35,52,22,26,22,27,0,0,0,0,0,0,0,0,0,0,0,0,0,0,0,19,0,0,0,0,0,0,0,0,0,0,0,0,0,0,0,0,0,0,-8,0]} 1. e4 c6 2. d4 d5 3. e5 c5 4. dxc5 e6 5. Nf3 Nc6 (5... Bxc5 6. a3 Ne7 7. Bd3 Ng6 8. O-O O-O 9. Nbd2 Nc6 10. b4 Bb6 11. Bxg6 fxg6 12. Nb3 Bd7 13. Re1 {1-0 (29) Anand,V (2773)-Mamedyarov,S (2817) Wijk aan Zee 2019}) 6. a3 {B12: Caro-Kann: Advance Variation} Bxc5 7. Bd3 Nge7 {[%cal Bg8e7,Be7g6,Bg6f4][%mdl 32]} 8. b4 Bb6 $1 9. Bb2 Ng6 10. O-O O-O 11. Re1 f6 $146 ({Predecessor:} 11... Nf4 12. Bf1 f6 13. exf6 gxf6 {0-1 (20) Altea,A (2116)-Gonzales,J (2383) Bruges 2018}) 12. exf6 gxf6 13. c4 Nf4 14. Bf1 e5 15. Bc1 dxc4 16. Bxf4 {[#] aiming for Bh6.} Qxd1 17. Rxd1 {And now Bh6 would win.} exf4 18. Bxc4+ Kh8 19. Nc3 Bg4 20. Bd5 Rad8 21. h3 Bxf3 22. Bxf3 Bd4 23. Rac1 Rfe8 (23... Be5 $14) 24. Nb5 Bb2 25. Rb1 Nd4 26. Bxb7 Nxb5 27. Rxd8 Rxd8 28. Rxb2 $14 {[%mdl 4096] Endgame KRB-KRN} Rd1+ 29. Kh2 Nxa3 30. Ra2 Rd3 31. Re2 Rd7 (31... Rd4 $14) 32. Bc6 Rc7 33. Bd5 (33. Bf3 $16) 33... Nb5 34. Re8+ Kg7 35. Rg8+ Kh6 36. Rg4 Nc3 37. Bb3 Ne2 {The position is equal.} 38. Bd1 f5 $1 {[%cal Rf5g4]} 39. Rg8 Nd4 40. Rd8 Rc4 41. Rd6+ Kg7 42. Rd7+ Kg6 43. Rxa7 Rxb4 44. Rd7 Rc4 45. g4 fxg3+ 46. fxg3 Rb4 47. Kg1 Ne6 48. Rd5 Rd4 49. Rxd4 Nxd4 $11 {KB-KN} 50. Kf2 Kf6 51. Ba4 Ke5 52. Be8 f4 53. gxf4+ Kxf4 54. Bd7 Nf3 {Accuracy: White = 71%, Black = 74%.} 1/2-1/2

[Event "World Team-ch Women 2019"]
[Site "Astana"]
[Date "2019.03.13"]
[Round "8.17"]
[White "Wafa, Shahenda"]
[Black "Saduakassova, Dinara"]
[Result "0-1"]
[WhiteElo "2175"]
[BlackElo "2462"]
[Annotator "TA"]
[PlyCount "100"]
[EventDate "2019.02.05"]
[EventType "team-tourn"]
[EventCountry "KAZ"]
[SourceTitle "playchess.com"]
[Source "ChessBase"]
[SourceQuality "1"]
[WhiteTeam "Egypt"]
[BlackTeam "Kazakhstan"]
[WhiteTeamCountry "EGY"]
[BlackTeamCountry "KAZ"]

{[%evp 23,100,40,61,61,54,56,50,40,96,-26,0,-62,-46,-52,-56,-80,-47,-75,-18,-27,-25,-34,58,71,64,62,100,86,105,77,172,117,113,109,101,0,8,0,0,0,808,0,0,0,0,0,8,0,0,-2,-5,-8,0,-397,-390,-424,-424,-29964,-29974,-29973,-29975,-29973,-29976,-29976,-29978,-29978,-29979,-29979,-29980,-29980,-29981,-29981,-29982,-29981,-29982,-29982,-29983,-29983,-29984]} 1. e4 e5 2. Nf3 Nc6 3. Bb5 a6 4. Ba4 Nge7 5. O-O g6 6. c3 Bg7 7. d4 exd4 8. cxd4 O-O {C60: Ruy Lopez: Unusual Black 3rd moves and 3...g6} (8... b5 9. Bc2 d5 10. exd5 Nb4 11. Bb3 Nbxd5 12. Nc3 O-O 13. Re1 h6 14. h3 Nxc3 15. bxc3 Bb7 16. Ne5 {½-½ (40) Caruana,F (2816)-Giri,A (2782) Leuven 2018}) 9. d5 Na5 10. Bc2 d6 11. Nbd2 b5 12. Rb1 c6 {LiveBook: 7 Games} 13. b4 Nc4 14. Nxc4 bxc4 15. dxc6 $1 Bg4 (15... Nxc6 $14 16. Qd5 Qe8) 16. Bf4 $146 (16. Bg5 $16) ({Predecessor:} 16. h3 Bxf3 17. Qxf3 Nxc6 {0-1 (34) Michelle,C (2147)-Idani,P (2588) Taleigao 2018}) 16... Bxf3 17. gxf3 (17. Qxf3 $11 Nxc6 18. Qe3) 17... Nxc6 $15 18. Qxd6 Nd4 19. Bd1 c3 {Threatens to win with ...Rc8.} 20. Rc1 c2 (20... Rc8 $17 21. Qxd8 Rfxd8) 21. Rxc2 Nxc2 22. Bxc2 Qc8 (22... Qxd6 $15 23. Bxd6 Rfd8) 23. Bb3 $14 Qh3 24. Bg3 $1 Rac8 25. Qxa6 Rc3 26. e5 Kh8 (26... h5 $16) 27. Qb7 (27. Qe2 $18) 27... h5 $16 {[#] And now ...h4 would win.} 28. Qe4 {aiming for e6.} Rfc8 {next ...Rc1 is good for Black.} 29. e6 ({Not} 29. Bxf7 Rc1 $15) (29. Qf4 $16) 29... Rc1 $11 {[%csl Gh3][%cal Rc1f1]} 30. Re1 {Hoping for e7.} fxe6 $1 31. Bxe6 Rxe1+ 32. Qxe1 Re8 33. Bxh3 Rxe1+ {[%mdl 4096] Endgame KRB-KB} 34. Kg2 Bd4 35. Bd7 Rb1 36. Bd6 Rb2 37. a4 Rxf2+ 38. Kg3 $2 {[%mdl 8192]} (38. Kh1 $1 $11 {and White is okay.}) 38... Rd2 $19 39. Kf4 Bc3 40. Be5+ {[#]} (40. a5 $19 Rxd6 41. Bc8) 40... Bxe5+ {Black mates.} 41. Kxe5 Rxd7 {KR-KP} 42. b5 Ra7 43. Kd6 Rxa4 {KR-K3P} 44. b6 Kg7 45. b7 Rb4 46. Kc7 Kf6 47. b8=Q Rxb8 48. Kxb8 Ke5 49. Kc7 Kf4 50. Kd6 h4 {Precision: White = 46%, Black = 52%.} 0-1

[Event "World Team-ch Women 2019"]
[Site "Astana"]
[Date "2019.03.13"]
[Round "8.18"]
[White "Assaubayeva, Bibisara"]
[Black "Wafa, Shrook"]
[Result "1-0"]
[WhiteElo "2376"]
[BlackElo "2166"]
[Annotator "TA"]
[PlyCount "137"]
[EventDate "2019.02.05"]
[EventType "team-tourn"]
[EventCountry "KAZ"]
[SourceTitle "playchess.com"]
[Source "ChessBase"]
[SourceQuality "1"]
[WhiteTeam "Kazakhstan"]
[BlackTeam "Egypt"]
[WhiteTeamCountry "KAZ"]
[BlackTeamCountry "EGY"]

{[%evp 22,137,38,45,52,43,43,42,39,46,45,39,39,43,100,114,105,107,93,61,87,28,40,29,36,-15,69,70,85,80,73,51,60,17,61,3,46,46,46,46,49,44,53,38,44,35,54,25,25,25,75,63,89,83,75,0,140,132,147,147,147,147,147,147,147,154,148,147,147,135,244,225,250,188,189,210,250,245,244,236,334,334,334,334,334,334,327,293,327,327,671,650,627,621,627,517,506,394,29969,29970,29965,29953,11742,7266,4293,1218,1047,918,491,476,29975,29976,29973,29977,29975,29975,29964,12718]} 1. d4 Nf6 2. c4 e6 3. Nf3 Bb4+ 4. Nbd2 O-O 5. a3 Bxd2+ 6. Qxd2 b6 7. e3 Bb7 8. Be2 Ne4 9. Qc2 f5 10. b4 d6 11. Bb2 Nd7 12. O-O Ng5 {E14: Queen's Indian: Classical Variation (4 e3)} (12... Rf6 13. d5 Rh6 14. Rad1 c5 15. g3 exd5 16. cxd5 Qe7 17. bxc5 bxc5 18. a4 Rf8 19. a5 Kh8 20. Ne1 {½-½ (51) Anton Guijarro,D (2650)-Moiseenko,A (2657) Doha 2016}) 13. d5 Nxf3+ 14. Bxf3 Ne5 {[#] White is slightly better.} 15. Be2 $146 ({Predecessor:} 15. Bxe5 dxe5 16. e4 exd5 17. cxd5 fxe4 18. Bxe4 g6 19. Rac1 Rf7 20. Rfd1 {½-½ (55) Hillarp Persson,T (2534)-Akesson,J (2334) Stockholm 2005}) 15... exd5 16. cxd5 Bxd5 17. Rad1 Be4 (17... c6 $14) 18. Qb3+ $16 {[%mdl 1024] White has strong compensation.} Nf7 19. f3 Bb7 20. Qc3 {[%csl Gb2][%cal Rc3g7]} Qg5 21. Rf2 (21. Qxc7 $16 Qxe3+ 22. Rf2) 21... Rac8 $11 22. f4 Qg6 {[#]} 23. Bb5 (23. Bh5 $1 $14 {[%mdl 512]} Qh6 (23... Qxh5 24. Qxg7#) 24. Bf3) 23... Nh6 ({Better is} 23... Rfd8 $11) 24. Bd7 $14 Ng4 25. Bxc8 Rxc8 26. Rc2 Qf7 27. Rdc1 Nf6 28. Qd4 (28. Qc4 $14 d5 29. Qd4) 28... Ne4 29. Qxg7+ Qxg7 30. Bxg7 c5 31. Ba1 Kf7 32. a4 {[%cal Ba3a4,Ba4a5][%mdl 32]} Ke6 33. a5 Bd5 34. bxc5 bxc5 35. Rb2 c4 36. Rb5 c3 37. g4 $1 {[%cal Rg4f5]} Rg8 38. h3 (38. g5 $1 $16 Rc8 39. a6) 38... h5 (38... a6 $11 {keeps the balance.} 39. Rb4 fxg4 40. Bxc3 gxh3+ 41. Kh2 Rg2+ 42. Kxh3 Nf2+ 43. Kh4 Rh2+ 44. Kg3 Rg2+ 45. Kh4 Rh2+ 46. Kg3 Rg2+ 47. Kh4) 39. g5 $1 $16 {[%mdl 64] Overworked Piece} ({Don't take} 39. Bxc3 $6 hxg4 40. Be1 g3 $11) 39... Nxg5 40. fxg5 Rxg5+ 41. Kf2 Rg2+ 42. Kf1 Rh2 {[#]} 43. Rxd5 $1 Kxd5 {[%mdl 4096] Endgame KRB-KR} 44. Kg1 Rxh3 45. Rxc3 Rg3+ {[#]} (45... Ke4 $16) 46. Kf2 $1 $18 {[%cal Rf2g3]} h4 47. Rd3+ Ke6 48. Rd1 a6 49. Bd4 Rg4 50. Rb1 f4 (50... Kd5 $142 51. Rb8 Re4) 51. Kf3 Rg5 52. Kxf4 Rxa5 53. Kg4 Kd5 54. Kxh4 Ke4 55. Rb6 d5 $2 (55... Kd5 56. Kg4 Ra2) 56. Kg4 Ra2 57. Re6+ Kd3 58. Kf4 a5 59. Ke5 a4 $2 (59... Rh2 $18 60. Kxd5 Rh5+ 61. Re5 Rh7) 60. Kxd5 Rc2 61. Ra6 Rc4 62. Ra7 Rb4 63. Kc5 Rc4+ 64. Kb5 Rc8 65. Rxa4 Rc2 (65... Ke4 $18 66. Bb6+ Ke5) 66. Bc5 {White mates.} Rg2 67. e4 Rg5 68. Rd4+ Ke2 69. Rd5 {Accuracy: White = 60%, Black = 38%.} 1-0